| 000 | nam a22 7a 4500 | ||
|---|---|---|---|
| 999 |
_c234975 _d234975 |
||
| 003 | Nust | ||
| 005 | 20170404105811.0 | ||
| 008 | 170404b xxu||||| |||| 00| 0 eng d | ||
| 020 | _a8120416066 | ||
| 040 | _c0 | ||
| 082 | _a333.95 KRI | ||
| 100 | _aKrishnamurthy,K.V | ||
| 245 |
_aAn Advanced Textbook On Biodiversity: _bPrinciples And Practice _cK.V.Krishnamurthy |
||
| 260 |
_aNew Delhi _bOxford & IBH _c2007 |
||
| 300 | _a260 p. | ||
| 500 | _aP.B | ||
| 942 |
_2ddc _cBK _k333.95 KRI |
||